LEADER 00857nam0-22003011i-450- 001 990000108850403321 035 $a000010885 035 $aFED01000010885 035 $a(Aleph)000010885FED01 035 $a000010885 100 $a20011111d--------km-y0itay50------ba 101 0 $aita 105 $ay-------001yy 200 1 $aNomograms for the analysis of frames 210 $aLondon$cConcrete publications limited$d1957 215 $aVIII, 53 p., 26 tav. sciolte$cill.$d25 cm 225 1 $aConcrete series 610 0 $aStrutture in cemento armato$aCalcolo 676 $a624.183 700 1$aRygol,$bJ.$07048 801 0$aIT$bUNINA$gRICA$2UNIMARC 901 $aBK 912 $a990000108850403321 952 $a13 M 23 20$b22851$fFINBC 959 $aFINBC 996 $aNomograms for the analysis of frames$9115770 997 $aUNINA DB $aING01 LEADER 02343nas 2200589-a 450 001 996321716803316 005 20210830213020.0 035 $a(OCoLC)117874049 035 $a(CKB)1000000000280391 035 $a(CONSER)--2010252807 035 $a(DE-599)ZDB2887228-9 035 $a(EXLCZ)991000000000280391 100 $a20070401a20079999 s-- - 101 0 $aeng 135 $aur||||||||||| 181 $ctxt$2rdacontent 182 $cc$2rdamedia 183 $acr$2rdacarrier 200 00$aJournal of information technology in construction 210 $a[Rotterdam, The Netherlands] $cCIB$d[2007]- 300 $aRefereed/Peer-reviewed 311 $a1874-4753 517 1 $aITcon 606 $aBuilding$xData processing$vPeriodicals 606 $aConstruction industry$xData processing$vPeriodicals 606 $aCivil engineering$xData processing$vPeriodicals 606 $aBuilding$xElectronic information resources$vPeriodicals 606 $aConstruction industry$xElectronic information resources$vPeriodicals 606 $aCivil engineering$xElectronic information resources$vPeriodicals 606 $aInformation technology$vPeriodicals 606 $aBuilding$xData processing$2fast$3(OCoLC)fst00840567 606 $aCivil engineering$xData processing$2fast$3(OCoLC)fst00862494 606 $aConstruction industry$xData processing$2fast$3(OCoLC)fst00875997 606 $aInformation technology$2fast$3(OCoLC)fst00973089 608 $aElectronic journals. 608 $aPeriodicals.$2fast 615 0$aBuilding$xData processing 615 0$aConstruction industry$xData processing 615 0$aCivil engineering$xData processing 615 0$aBuilding$xElectronic information resources 615 0$aConstruction industry$xElectronic information resources 615 0$aCivil engineering$xElectronic information resources 615 0$aInformation technology 615 7$aBuilding$xData processing. 615 7$aCivil engineering$xData processing. 615 7$aConstruction industry$xData processing. 615 7$aInformation technology. 712 02$aInternational Council for Research and Innovation in Building and Construction. 906 $aJOURNAL 912 $a996321716803316 996 $aJournal of information technology in construction$92573627 997 $aUNISA